Формирование пространственно-временных структур, фракталы и хаос в концептуальных экологических моделях на примере динамики взаимодействующих пропуляций планктона и рыбы; Успехи физических наук; Т. 172, вып. 1

Dades bibliogràfiques
Parent link:Успехи физических наук/ Российская академия наук (РАН).— , 1920-.— 0042-1294
Т. 172, вып. 1.— 2002.— С. 31-66
Altres autors: Медвинский А. Б., Петровский С. В., Тихонова И. А., Тихонов Д. А., Ли Б.-Л., Вентурино Э., Мальхё Х., Иваницкий Г. Р.
Idioma:rus
Publicat: 2002
Col·lecció:Обзоры актуальных проблем
Matèries:
Format: MixedMaterials Capítol de llibre
KOHA link:https://koha.lib.tpu.ru/cgi-bin/koha/opac-detail.pl?biblionumber=457498

MARC

LEADER 00000naa2a2200000 4500
001 457498
005 20231101084827.0
035 |a (RuTPU)RU\TPU\prd\120903 
035 |a RU\TPU\prd\4504 
090 |a 457498 
100 |a 20110921a2002 k y0rusy50 ca 
101 0 |a rus 
102 |a RU 
200 1 |a Формирование пространственно-временных структур, фракталы и хаос в концептуальных экологических моделях на примере динамики взаимодействующих пропуляций планктона и рыбы  |f А. Б. Медвинский, С. В. Петровский, И. А. Тихонова и др. 
225 1 |a Обзоры актуальных проблем 
320 |a Библиогр.: 268 назв. 
461 1 |0 (RuTPU)RU\TPU\prd\399  |x 0042-1294  |t Успехи физических наук  |f Российская академия наук (РАН)  |d 1920- 
463 1 |0 (RuTPU)RU\TPU\prd\120901  |t Т. 172, вып. 1  |v С. 31-66  |d 2002 
610 1 |a фракталы 
610 1 |a хаос 
610 1 |a экологические модели 
610 1 |a популяции планктона 
610 1 |a рыбы 
610 1 |a планктон 
610 1 |a биопродукты 
610 1 |a Мировой океан 
610 1 |a экологическая устойчивость 
610 1 |a биофизиологические процессы 
610 1 |a экосистемы 
610 1 |a контроль 
610 1 |a математические модели 
701 1 |a Медвинский  |b А. Б. 
701 1 |a Петровский  |b С. В. 
701 1 |a Тихонова  |b И. А. 
701 1 |a Тихонов  |b Д. А. 
701 1 |a Ли  |b Б.-Л. 
701 1 |a Вентурино  |b Э. 
701 1 |a Мальхё  |b Х. 
701 1 |a Иваницкий  |b Г. Р. 
801 1 |a RU  |b 63413507  |c 20020607  |g PSBO 
801 2 |a RU  |b 63413507  |c 20110921  |g PSBO 
942 |c BK